000 01069nam a2200265Ia 4500
003 OSt
005 20221005111311.0
006 a|||||r|||| 00| 0
007 ta
008 221004b |||||||| |||| 00| 0 hin d
020 _a8170557550 (hbk)
_c250
024 _a97331
037 _b572, 23/03/2009, Vani Prakashan
_cTextual
040 _aCRL
_cCRL
_bhin
041 _2hin
_ahin
082 _aY:6.273, 152P1
100 _aचौधरी, प्रसन्न कुमार
245 0 _aबिहार में सामाजिक परिवर्तन के कुछ आयाम
_b 1912 - 1990
246 _aBihār mean sāmājik parivartan ke kuchh āyāma: 1912 - 1990
260 _aनई दिल्ली
_bवाणी प्रकाशन भारत
_c2001
300 _a343पृ0
_ccm.
700 _a श्रीकांत
942 _hY:6.273, 152P1
_cTEXL
_2cc
999 _c1021430
_d1021430